Catálogo
 En Linea

Por la libertad del mundo. / (Registro nro. 32861)

Detalles MARC
000 -CABECERA
campo de control de longitud fija 00420nam a2200145 a 4500
001 - NÚMERO DE CONTROL
campo de control 000033370
005 - FECHA Y HORA DE LA ÚLTIMA TRANSACCIÓN
campo de control 20200930070218.0
008 - DATOS DE LONGITUD FIJA--INFORMACIÓN GENERAL
campo de control de longitud fija 110825s1926 dr 000 p spa d
040 ## - FUENTE DE LA CATALOGACIÓN
Centro catalogador/agencia de origen DO-SdBNP
Lengua de catalogación spa
Centro/agencia transcriptor BNPHU
082 ## - NÚMERO DE LA CLASIFICACIÓN DECIMAL DEWEY
Número de clasificación xxx
Número de documento/Ítem C355p
100 1# - ENTRADA PRINCIPAL--NOMBRE DE PERSONA
Nombre de persona Castro H., Julio Cesar
9 (RLIN) 58948
245 10 - MENCIÓN DE TÍTULO
Título Por la libertad del mundo. /
Mención de responsabilidad, etc. Julio Cesar Castro H.
260 ## - PUBLICACIÓN, DISTRIBUCIÓN, ETC.
Lugar de publicación, distribución, etc. Santo Domingo, :
Nombre del editor, distribuidor, etc. Montalvo,
Fecha de publicación, distribución, etc. 1926.
300 ## - DESCRIPCIÓN FÍSICA
Extensión 12 p. ;
Dimensiones 16 cm.
Existencias
Estado de retiro Estado de pérdida Restricciones de uso No para préstamo Código de colección Localización permanente Ubicación/localización actual Ubicación en estantería Fecha de adquisición Número de inventario Total de préstamos Signatura topográfica completa Código de barras Fecha visto por última vez Precio válido a partir de Tipo de ítem Koha
      Préstamo restrigido Raros y valiosos Patrimonio Dominicano Patrimonio Dominicano En encuadernación 25.08.2011 LF1   xxx C355p 33370-10 25.06.2020 25.06.2020 No se presta

Con tecnología Koha